000 01508cam a2200385 i 4500
001 46521
003 Mx-PuUPA
005 20250804124253.0
008 140415s2006 mx gr 001 0 spa d
020 _a9682318505
040 _aMx-PuUPA
_bspa
_cMx-PuUPA
_dMx-PuUPA
_erda
041 1 _aspa
_hfre
100 1 _aLévinas, Emmanuel,
_d1906-1995
_96593
_eautor
240 1 0 _aHumanisme de l'autre homme.
_lEspañol
245 1 0 _aHumanismo del otro hombre /
_cEmmanuel Levinas ; traducción de Daniel Enrique Guillot ; edición al cuidado de Ricardo Ehrenberg
250 _aCuarta edición /
_ben español
264 1 _aMéxico, D.F. :
_bSiglo XXI editores,
_c2003
300 _aviii, 136 páginas ;
_c18 cm
336 _2rdacontent
_atexto
_btxt
337 _2rdamedia
_asin medio
_bn
338 _2rdacarrier
_avolumen
_bnc
490 0 _aFilosofía
500 _aEl ítem 47027 contiene la leyenda "Sexta edición en español, 2006". Debe ser "Reimpresión".
650 7 _2armarc
_aHumanismo
650 7 _2armarc
_aAntropología filosófica
650 7 _2armarc
_aIntersubjetividad
650 7 _2armarc
_aSignificado (Filosofía)
700 1 _aGuillot, Daniel Enrigue
_etraductor
700 1 _aEhrenberg, Ricardo,
_eeditor
765 0 _aLevinas, Emmanuel
_tHumanisme de l'autre homme
_dMontpellier: Fata Morgana, 1972
942 _2ddc
_cLI
_h144
_iL6518
999 _c46521
_d46521